| 000 | 01103cam a22002175a 4500 | ||
|---|---|---|---|
| 001 | L140875 | ||
| 008 | 071016a1921 xxk eng u | ||
| 035 | _a(Sirsi) u140875 | ||
| 041 | 0 | _aeng | |
| 110 | 2 |
_aWard Price and Co. _95397 |
|
| 245 | 0 | 0 | _aIllustrated particulars, plan and conditions of sale of the valuable compact freehold and historic finely panelled Tudor mansion known as Gwydyr Castle [to be sold at auction by] Ward Price and co....at The Grosvenor Hotel, Chester on Monday 23rd May 1921... |
| 260 |
_aS.l. _bs.n. _c[1921] |
||
| 300 |
_a20 p. _bill. _c31 cm. + _e1 v. (ill., 28 cm.) + 1 sheet (28 x 6 cm.) |
||
| 340 | _aPrinted | ||
| 351 | _cSingle item | ||
| 500 | _aItem is accompanied by a newspaper clipping from the Daily Telegraph dated 26 February 1929, regarding the purchase of the property and a copy of the sale catalogue for the collection of furniture, sold on 24 and 25 May 1921. | ||
| 500 | _aItem is in a fragile condition. | ||
| 651 | 4 |
_aWales _y1998-2007 |
|
| 690 | _aPROPERTY-PROPERTY ACQUISITION AND DISPOSAL-ACQUISITION AND DISPOSAL AT AUCTION | ||
| 942 | _n0 | ||
| 999 |
_c116512 _d116512 |
||